Stratégia rozvoja logistiky v podniku diplomová práca

Guardado en:
Detalles Bibliográficos
Autor principal: Mesároš, Ivan
Autor Corporativo: Fakulta podnikového manažmentu EU. Katedra manažmentu výroby a logistiky - zrušená
Otros Autores: Dupaľ, Andrej
Formato: Libro
Lenguaje:eslovaco
Publicado: Bratislava 2015
Etiquetas: Agregar Etiqueta
Sin Etiquetas, Sea el primero en etiquetar este registro!

MARC

LEADER 00000nbm a2200000 4500
001 0201356
005 20161214124401.0
041 0 |a slo 
044 |a SK 
245 1 0 |a Stratégia rozvoja logistiky v podniku  |b diplomová práca  |c Ivan Mesároš ; školiteľ: Andrej Dupaľ 
264 1 |a Bratislava  |c 2015 
300 |a 65 s. 
100 1 |a Mesároš, Ivan 
700 1 |a Dupaľ, Andrej 
710 2 |a Fakulta podnikového manažmentu EU. Katedra manažmentu výroby a logistiky - zrušená